000 00922nam a2200265Ia 4500
003 OSt
005 20220923221256.0
006 a|||||r|||| 00| 0
007 ta
008 220922b |||||||| |||| 00| 0 hin d
024 _a196,409
037 _cTextual
040 _aARTS
_cARTS
_bhin
041 _2hin
_ahin
082 _aP152v, 152K7;L3
100 _aवर्मा, धीरेन्द्र
245 0 _aहिन्दी भाषा का इतिहास
246 _aHindī bhāṣhā kā itihāsa
260 _aप्रयाग
_b हिन्दुस्तानी एकेडेमी
_c1973
300 _a344पृ.
_ccm.
650 _a भाषा विज्ञान-इतिहास
_9165283
650 _aहिन्दी भाषा
942 _hP152v, 152K7;L3
_cTEXL
_2CC
999 _c348280
_d348280